Geography Quiz

Random Geography or World Quiz
Score 0/26 Timer 08:00
3 Plays Today
Immigrant Pop. Country % Correct
46,672,102United States
98.7%
8,543,120United Kingdom
94.9%
12,005,690Germany
93.5%
7,784,418France
93.5%
7,284,069Canada
92.8%
5,852,953Spain
87.7%
6,763,663Australia
85.9%
1,639,771Sweden
78.3%
1,039,736New Zealand
73.3%
1,242,514Greece
69.9%
1,979,486Netherlands
69.4%
2,011,727Israel
68%
1,387,940Belgium
67.3%
Immigrant Pop. Country % Correct
7,826,981United Arab Emirates
66.8%
10,185,945Saudi Arabia
65.5%
2,438,702Switzerland
64.7%
1,492,374Austria
64.5%
1,687,640Qatar
57.8%
1,884,978Oman
53.6%
2,866,136Kuwait
52.6%
2,543,638Singapore
49.8%
3,112,026Jordan
49.4%
4,834,898Ukraine
44.8%
2,514,243Malaysia
38.3%
1,082,905Belarus
25.1%
3,546,778Kazakhstan
20.8%

You're not logged in!

Compare scores with friends on all Sporcle quizzes.
OR
Log In

Sporcle TV

Today on Sporcle TV


Watch our educational content, quiz creation guides, and fun videos on Sporcle TV.

Show Comments

Extras

Top Quizzes Today


Score Distribution

Your Account Isn't Verified!

In order to create a playlist on Sporcle, you need to verify the email address you used during registration. Go to your Sporcle Settings to finish the process.

Report this User

Report this user for behavior that violates our Community Guidelines.

Details: